000 01159nam a2200289 a 4500
001 44202
003 BD-RjUL
005 20211209053820.0
008 160714s19811997ii ||||| |||| 00| 0 ben d
020 _c: IRs. 50.00 (V-1)
020 _c: IRs. 25.00 (V-2):1981 ; IRs. 50.00 (V-2):1996
020 _c: IRs. 25.00 (V-3)
020 _c: IRs. 50.00 (V-5)
035 _a(BD-RjUL)44320
040 _aBD-RjUL
_bben
_cBD-RjUL
_dBD-RjUL
041 _aben
082 _223
_aB 954.0317
_bGUS 1981-1997
100 1 _aগুপ্ত, রজনীকান্ত
_9135723
245 1 0 _aসিপাহী যুদ্ধের ইতিহাস /
_cরজনীকান্ত গুপ্ত
250 _a১ম নবপত্র প্রকাশ
260 _aকলকাতা :
_bনবপত্র প্রকাশন,
_c১৯৮১-১৯৯৭
300 _a খণ্ড ;
_c২২ সেমি.
505 0 _aখণ্ড ১ -- খণ্ড ২ -- খণ্ড ৩ -- খণ্ড ৫ --
650 _zভারত
_a ইতিহাস
_y১৮৫৭-১৮৫৮
_9135724
650 _zIndia
_aHistory
_x1857-1858
_9135725
942 _2ddc
_cBK
999 _c44202
_d44202